Water Losses in Water Distribution System

Bibliographic Details
Main Author: Tóthová, Katarína, 1959- (Author)
Format: Article
Language:English
ISBN:8022719544

MARC

LEADER 00000naa a2200000uu 4500
001 vtls011077804
003 SK-MaSNL
005 20260302145252.0
008 210910|2003 xo |||||||||||||||||eng|
015 |a SNBRA 
035 |a (urnnbn)urn:nbn:sk:snk:ar-a0cfxy 
035 |a (uuid)06e2b39e-499f-4414-8e12-25ca45f9c634 
035 |a urn:nbn:sk:snk-aavm1d 
040 |a SNKBUCL  |b slo  |c SNKBUCL  |e AACR2 
041 0 |a eng 
044 |a xo  |c SK 
100 1 |a Tóthová, Katarína,  |d 1959-  |4 aut  |9 201925 
245 1 0 |a Water Losses in Water Distribution System  |c Katarína Tóthová 
773 0 |t VIII. International Symposium on Water Management and Hydraulic Enngineering  |d In Bratislava : Slovak University of Technology, 2003, 2003  |g S. 447-451  |z 8022719544 
958 |a OND 
958 |a article12 
958 |a chapter 
999 |c 1353300  |d 1355230